00593nam a2200169 i 450000100060000000300090000600500170001500700030003200800410003510000340007624501370011026000390024730000210028650000560030771000370036385200230040042024ES-MaACL20230906160531.0t|030312s1955 cu ||||1| spa d1 aCarbonell y Rivero, Néstor.10aElogio del Coronel Fernando Figueredo Socarrás / cleído por Néstor Carbonell y Rivero en la sesión del 11 de julio de 1935. aLa Habana : bEl Siglo XX, c1955. a23 p. ; c28 cm. aPrecede al tít.: Academia de la Historia de Cuba.2 aAcademia de la Historia de Cuba. aES-MaACLj1695-F-7